IFM Opac

Advanced Systems Design with JAVA, UML and MDA (Record no. 22223)

MARC details
000 -LEADER
fixed length control field 00302nam a22001217a 4500
020 ## - INTERNATIONAL STANDARD BOOK NUMBER
ISBN 978-0-7506-6496-7
082 ## - DEWEY DECIMAL CLASSIFICATION NUMBER
Classification number 004.2
100 ## - MAIN ENTRY--AUTHOR NAME
Personal name Lano, Kelvin
245 ## - TITLE STATEMENT
Title Advanced Systems Design with JAVA, UML and MDA
260 ## - PUBLICATION, DISTRIBUTION, ETC. (IMPRINT)
Place of publication London:
Name of publisher Elsevier,
Year of publication 2005
300 ## - PHYSICAL DESCRIPTION
Number of Pages vii, 378p.: ill.; 25cm
942 ## - ADDED ENTRY ELEMENTS (KOHA)
Koha item type Books
Holdings
Withdrawn status Lost status Damaged status Not for loan Collection code Permanent Location Current Location Shelving location Date acquired Source of acquisition Full call number Accession Number Price effective from Koha item type
        Non-fiction IFM Main Campus Library IFM Main Campus Library Work Room processing 01/26/2026 Purchased 004.2 LAN 0000030949 01/26/2026 Books